Catálogo

Revolucionarias fueron todas / (Registro nro. 63557)

Detalles MARC
000 -LEADER
fixed length control field 01016cam a2200277 i 4500
001 - CONTROL NUMBER
control field 63557
005 - DATE AND TIME OF LATEST TRANSACTION
control field 20180714070039.0
008 - FIXED-LENGTH DATA ELEMENTS--GENERAL INFORMATION
fixed length control field 150923s2013 mx a r 000 0 spa d
020 ## - INTERNATIONAL STANDARD BOOK NUMBER
International Standard Book Number 9786074875539
040 ## - CATALOGING SOURCE
Original cataloging agency MX-PuUPA
Language of cataloging spa
Description conventions rda
Transcribing agency Mx-PuUPA
Modifying agency Mx-PuUPA
041 0# - LANGUAGE CODE
Language code of text/sound track or separate title spa
082 0# - DEWEY DECIMAL CLASSIFICATION NUMBER
Classification number 972.0816
Item number REV
245 00 - TITLE STATEMENT
Title Revolucionarias fueron todas /
Statement of responsibility, etc. Evelyne Sanchez, Gloria A. Tirado Villegas, Guadalupe Silvia Cano González [y otros diez].
250 ## - EDITION STATEMENT
Edition statement Primera edición
264 #1 - PRODUCTION, PUBLICATION, DISTRIBUTION, MANUFACTURE, AND COPYRIGHT NOTICE
Place of production, publication, distribution, manufacture Puebla, Pue., México :
Name of producer, publisher, distributor, manufacturer Benemérita Universidad Autónoma de Puebla,
Date of production, publication, distribution, manufacture, or copyright notice 2013
300 ## - PHYSICAL DESCRIPTION
Extent 214 páginas :
Other physical details ilustraciones ;
Dimensions 23 cm.
336 ## - CONTENT TYPE
Content type term texto
Source rdacontent
337 ## - MEDIA TYPE
Media type term sin mediación
Source rdamedia
338 ## - CARRIER TYPE
Carrier type term volumen
Source rdacarrier
650 #4 - SUBJECT ADDED ENTRY--TOPICAL TERM
Topical term or geographic name entry element Revolución mexicana
650 #4 - SUBJECT ADDED ENTRY--TOPICAL TERM
Topical term or geographic name entry element Mujeres
General subdivision Hisoria
700 1# - ADDED ENTRY--PERSONAL NAME
Personal name Sanchez, Evelyne
Relator term autor
700 1# - ADDED ENTRY--PERSONAL NAME
Personal name Tirado Villegas, Gloria A.
Relator term autor
700 1# - ADDED ENTRY--PERSONAL NAME
Personal name Cano González, Guadalupe Silvia
Relator term autor
700 1# - ADDED ENTRY--PERSONAL NAME
Personal name Herrera Feria, María de Lourdes,
Relator term autor
Existencias
Withdrawn status Lost status Source of classification or shelving scheme Damaged status Not for loan Collection code Home library Current library Shelving location Date acquired Source of acquisition Inventory number Total Checkouts Full call number Barcode Date last seen Price effective from Koha item type
    Dewey Decimal Classification   Consulta en sala Puebla Biblioteca Karol Wojtyla Biblioteca Karol Wojtyla Área de silencio 23/09/2015 Compra 151000000000000000017388   972.0816 REV 2013 94440 05/01/2026 25/09/2017 Libro